LEADER 01599nam a22004097a 4500
001 35576
003 BD-DhAAL
005 20250820100225.0
008 191218t1992 wau||||| b||| 001 0 eng d
020 |a 093530214X 
040 |a BD-DhAAL  |c BD-DhAAL 
082 |a 370.78073 
245 |a Review of research in education.  |n Volume 18, 1992 /  |c edited by Gerald Grant; contributors, David K Cohen ...[et..al]. 
246 |a Review of research in education 
260 |a Washington, D.C. :  |b American Educational Research Association,  |c 1992. 
300 |a xx, 521 pages ;  |c 24 cm. 
362 |a Vol. 18 
526 |a BIED 
541 |a Complimentary copy from BIED  |e 35574 
650 |a Education  |x Research  |z United States  |v Periodicals.  |9 35427 
650 |a Education  |x Research.  |9 35428 
650 |a Social science.  |9 35558 
700 |a Grant, Gerald.  |9 35429 
700 |a Cohen, David K.  |9 35578 
700 |a Spillane, James P.  |9 35144 
700 |a Gehrke, Nathalie J.  |9 35431 
700 |a Knapp, Michael S.  |9 35432 
700 |a Sirotnik, Kenneth A.  |9 35433 
700 |a Leming, James S.  |9 35434 
700 |a Bird, Tom.  |9 35435 
700 |a Grimmett, Peter Philip.  |9 46163 
700 |a Sykes, Gary.  |9 35440 
710 |a American Educational Research Association,  |e issuing body.  |9 35441 
852 |a Ayesha Abed Library  
942 |2 ddc  |c BK 
999 |c 42069  |d 42069 
952 |0 0  |1 0  |2 ddc  |4 0  |6 370_780730000000000_REV  |7 0  |9 67504  |a BRACUL  |b BRACUL  |c GEN  |d 2019-12-18  |e Complimentary copy from BIED  |l 0  |o 370.78073 REV  |p 3010035576  |r 2019-12-18  |t 1  |w 2019-12-18  |y BK  |x Transferred from BIED to General Stacks